000 00555nam a2200205 i 4500
003 OSt
005 20160111175901.0
008 900919s1988 sp spa
020 _a84-7658-088-6
040 _cBMC
082 _a808.83146
100 1 _aJiménez Lozano, José‏
_937857
245 1 3 _aEl grano de maíz rojo
_cJosé Jiménez Lozano
250 _a1ª ed
260 1 _aBarcelona
_bAnthopos
_c1988
300 _a172 p.
_c20 cm
490 _aÁmbitos literarios / Narrativa
_v26
650 2 4 _930991
_aCuentos españoles
942 _2ddc
_cBK
999 _c24234
_d24234